[Event "EU-chT (Men) 20th"]
[Site "Reykjavik"]
[Date "2015.11.13"]
[Round "1.3"]
[White "Edouard, Romain"]
[Black "Hillarp Persson, Tiger"]
[Result "1-0"]
[WhiteElo "2632"]
[BlackElo "2539"]
[Annotator "Edouard,R"]
[PlyCount "65"]
[EventDate "2015.11.13"]
[EventType "team-swiss"]
[EventRounds "9"]
[EventCountry "ISL"]
[SourceTitle "CBM 170"]
[Source "ChessBase"]
[SourceDate "2016.01.15"]
[SourceVersion "1"]
[SourceVersionDate "2016.01.15"]
[SourceQuality "1"]
[WhiteTeam "France"]
[BlackTeam "Sweden"]
[WhiteTeamCountry "FRA"]
[BlackTeamCountry "SWE"]

1. d4 Nf6 2. c4 e6 3. Nc3 c5 4. d5 exd5 5. cxd5 d6 6. e4 g6 7. f4 Bg7 8. Bb5+
Nfd7 9. Nf3 $5 {A quite fashionable line, that I have played many times over
recent years.} a6 10. Bd3 b5 11. O-O O-O 12. Kh1 Re8 (12... Nb6 $5 {is another
critical move.}) 13. a3 Ra7 $5 {A smart waiting move. White wants to go f5 and
Bg5 but should wait for the black knight to move from d7. In many lines Black
tries to lift his rook from a8 to e7, but two moves often happen to be too
slow. Now only one more move will be needed while here White has no useful
move.} ({Until now everybody had played} 13... c4 {but after} 14. Bc2 Nc5 15.
f5 Nbd7 16. Bg5 Bf6 17. h4 {Black very often had a tough time!}) (13... Nf6 {
has been tried in 2015 but after} 14. e5 dxe5 15. fxe5 Nxd5 16. Be4 Nxc3 17.
Qxd8 Rxd8 18. Bxa8 Na4 19. Ng5 {1-0 (39) Jankovic,A (2534)-Bosiocic,M (2553)
Opatija CRO 2015, White got a nice advantage.}) 14. Qe1 (14. f5 Ne5 15. Bg5 Bf6
{is just fine for Black, who had time to put a knight on e5.}) 14... Nf6 $6 (
14... f5 {looked dangerous for Black to me but may also be fine:} 15. Ng5 Nf8
16. Qg3 h6 (16... Rae7 $5) 17. exf5 (17. Ne6 Nxe6 18. dxe6 Qf6 $132) 17... hxg5
18. fxg6 Nbd7 $13) 15. Qh4 Ng4 $6 ({The surprising move} 15... h6 $1 {with the
simple idea to meet f5 with ...g5 would have given Black a very decent game!})
(15... Rae7 16. e5 dxe5 17. fxe5 Nxd5 18. Bg5 $40) (15... b4 16. axb4 cxb4 17.
Na4 Rae7 18. e5 Nxd5 19. Bc4 {looked great for White to me, but after} dxe5 20.
fxe5 Bxe5 21. Bg5 f6 22. Bh6 Kh8 {Black may be fine.}) 16. Qg3 f5 (16... Nd7 $5
17. Qxg4 (17. Bc2 Ndf6 18. h3 b4 $132) (17. e5 $6 dxe5 18. Qxg4 e4 $40) 17...
Ne5 18. Qxc8 Qxc8 19. fxe5 dxe5 20. Be3 $44) 17. Ng5 (17. exf5 $5 gxf5 18. Bd2
$14) 17... Qf6 $2 (17... Nh6 $1 {would keep Black in the game} 18. Bd2 $14) 18.
h3 Nh6 19. e5 $1 {A typical blow. Now Black is lost.} dxe5 20. fxe5 Rxe5 21.
Nge4 $1 $18 Qe7 (21... Qb6 22. Bxh6 $18) 22. Bg5 fxe4 (22... Qe8 23. Nd6 $18) (
22... Qc7 23. d6 Qc6 24. Bxh6 $18) 23. Bxe7 Raxe7 24. Nxe4 c4 25. Nd6 Bxh3 (
25... Bd7 26. Bc2 $18) 26. gxh3 cxd3 27. Rac1 Nd7 28. Rc8+ Nf8 29. Qf3 Rf5 (
29... Nf5 30. Nxf5 Rxf5 31. Qxd3 $18) 30. Nxf5 Nxf5 31. d6 Rd7 32. Qd5+ Kh8 33.
Rxf5 1-0

[Event "Match/Nation DDR-HUN (4-4) (5-3)"]
[Site "Zinnowitz"]
[Date "1980.10.14"]
[Round "1.3"]
[White "Lukacs, Peter"]
[Black "Boensch, Uwe"]
[Result "1-0"]
[WhiteElo "2405"]
[BlackElo "2450"]
[Annotator "Gagarin,V"]
[PlyCount "127"]
[EventDate "1980.10.14"]
[EventType "team-match"]
[EventRounds "2"]
[EventCountry "DDR"]
[SourceTitle "MCL"]
[Source "ChessBase"]
[SourceDate "1999.07.01"]
[SourceVersion "1"]
[SourceVersionDate "1999.07.01"]
[SourceQuality "1"]

1. d4 Nf6 2. c4 e6 3. Nc3 c5 4. d5 exd5 5. cxd5 d6 6. e4 g6 7. f4 Bg7 8. Bb5+
Nfd7 9. Bd3 O-O 10. Nf3 Na6 11. O-O Nc7 12. a4 b6 $6 (12... Na6 $6 13. Be3 $1
Nb4 14. Be2 Re8 15. Bf2 a6 16. Kh1 Qc7 17. Nd2 Nf6 18. Bg3 Bd7 19. Bf3 h5 20.
e5 $16 {Portisch,L-Garcia,S/Madrid/1973/1:0/55/}) (12... Nf6 $6 13. Bc4 $1 {
/\ e5} (13. h3 Re8 14. Nd2 Rb8 15. Nc4 b6 16. Qf3 Ba6 17. Kh1 Qd7 18. Bd2 $14)
13... Bg4 14. h3 Bxf3 15. Qxf3 Nd7 16. Ra2 $5 a6 17. Qd3 Rb8 18. b3 Qf6 19. e5
$16 {Timman,J-Masic,L/Sombor/1974/1:0/40/}) (12... Rb8 13. Nd2 (13. Be3 $5) (
13. Qe1 a6 14. e5 {- 12...a6}) (13. Kh1) 13... Nf6 14. Nc4 b6 15. Bd2 a6 $1 16.
Be1 $1 Bg4 $14 {Farago,I-Honfi,K/Kecskemet/1979/1:0/44/}) (12... a6 13. Qe1 (
13. Be3 $5 Rb8 14. Bf2 Nf6 $6 (14... b5 15. Bh4 Bf6 $10 {Kapengut}) 15. Bh4 Qd7
16. Qd2 b5 17. axb5 axb5 18. Bxf6 Bxf6 19. e5 $16 {Vaganian,R-Hausner,I/Athens/
1971/}) (13. Nd2 Nf6 $1 14. h3 Rb8 15. a5 Re8 $1 16. Nc4 Nb5 17. Re1 Nh5 $132 {
Lukacs,P-Maus,So/Budapest/1990/0:1/34/}) (13. h3) (13. Kh1 Rb8 14. f5 $36)
13... Rb8 14. e5 Nb6 15. f5 $1 $36 {Gulko,B-Savon,V/Lvov/1978/1:0/24/}) (12...
Re8 13. h3 Na6 14. Re1 Nb4 15. Bf1 a6 16. Be3 f5 17. Ng5 Nf8 18. e5 h6 $13 {
Lukacs,P-Sapi/HUN/1977/}) 13. Nd2 (13. Kh1 Rb8 (13... Ba6 14. f5 $5 {
Kondratiev,Stoliar}) 14. Nb5 $5 Nxb5 15. axb5 $14 {Wade,R-Tomson/ENG/1961/}) (
13. Qe2 Re8 14. Be3 Nf6 15. h3 Nfxd5 16. exd5 Bd4 $17 {Kapengut}) (13. Re1 Re8
$14) 13... Nf6 (13... Ba6 14. Nb5 $14 (14. Nc4 $14)) 14. h3 Re8 15. Nc4 Ba6 16.
Qf3 Qe7 $1 17. e5 $8 (17. Re1 $2 Nfxd5 $1 $17) 17... Bxc4 $1 18. Bxc4 (18. exf6
$2 Qxf6 19. Bxc4 Qd4+ $17) 18... dxe5 19. Qd1 $5 Qd8 $2 (19... Rad8 $1 20. fxe5
Nfxd5 $1 (20... Qxe5 $2 21. Bf4 Qe7 (21... Qd4+ $2 22. Qxd4 cxd4 23. Bxc7 dxc3
24. Bxd8 cxb2 25. Bxf6 $18) 22. d6 Qf8 23. Qb3 $16) 21. Qb3 (21. Bxd5 Nxd5 22.
Nxd5 Qxe5 $17) (21. Nxd5 Qxe5 $13) 21... Qxe5 22. Kh1 $44) 20. fxe5 $1 (20. d6
Ne6 21. fxe5 Nd7 $13) 20... Rxe5 (20... Nd7 21. e6 $1 fxe6 22. dxe6 Nxe6 23.
Qb3 Qe7 24. Bg5 $1 Qd6 25. Nb5 Qe5 26. Rae1 $18) 21. Bf4 Re8 22. Qd2 $16 {
^^ o^d} Kh8 23. Rae1 Nh5 24. Bh2 (24. Bxc7 $6 Qxc7 25. d6 $2 Bd4+ $1) 24...
Rxe1 25. Qxe1 Ne8 26. Bb5 $1 (26. Rxf7 $6 Nd6 27. Bxd6 Qxd6 $14) 26... Nd6 27.
Bc6 Rc8 28. Nb5 $1 Nxb5 29. axb5 f5 30. d6 $18 Qg5 31. d7 Rf8 32. Bd6 Rg8 33.
Qe8 Nf6 34. d8=Q (34. Re1 $2 {/\ d8Q} Nxe8 35. dxe8=Q Bd4+ $1 36. Kh1 Rxe8 37.
Rxe8+ Kg7 $17) (34. Bf4 $18) 34... Rxe8 35. Bxe8 Qe3+ 36. Kh1 Qxe8 (36... Nxe8
37. Be7 $18) 37. Qxe8+ Nxe8 38. Bb8 Bxb2 39. Bxa7 (39. Re1 Nf6 40. Bxa7 Nd5 41.
Re6 c4 (41... Nc7 42. Rxb6 c4 43. Rb8+ Kg7 44. Rb7 $18) 42. Bxb6 c3 43. Bd4+
$18) 39... Nd6 40. Bxb6 Bc3 (40... Bd4 41. Rb1 $18) (40... Nxb5 $4 41. Rb1 $18)
41. Bxc5 $2 (41. Rb1 $1 $18) 41... Nxb5 42. Rb1 Nd4 43. Bb4 Bxb4 44. Rxb4 Ne6
45. Rb7 $1 Kg8 46. Kg1 Ng5 47. Kf2 Nf7 48. Ke3 Kg7 49. Kd4 Kf6 50. h4 h5 (50...
h6 51. Kd5 g5 (51... f4 52. Ra7 g5 53. h5 $1 Ne5 54. Ke4 $1 $18 {/\ Ra6}) 52.
Rb6+ Kg7 53. Ke6 $1 {/\ Rb7} Kg6 54. h5+ $1 $18) (50... Kg7 51. Kd5 Kf6 52.
Rb6+ Kg7 53. Ke6 Nd8+ 54. Ke7 Nf7 55. Rb7 Nh6 56. Ke6+ Kg8 57. Kf6 Ng4+ 58. Kg5
Ne5 59. h5 $18) 51. Rb6+ Kg7 52. Kd5 Nh6 53. Ke5 Ng4+ (53... Nf7+ 54. Ke6 Nh6
55. Rb7+ Kg8 56. Kf6 $18) 54. Kf4 (54. Ke6 $18) 54... Nh6 55. Ke5 Ng4+ 56. Ke6
Kg8 57. Rb7 Kf8 58. Rb8+ Kg7 59. g3 $1 {(.)} Nf2 (59... Kh6 60. Rb7 Nf2 61. Kf7
Kh7 62. Rb6 Ng4 63. Re6 Nh6+ 64. Kf6 Ng4+ 65. Kg5 $18) 60. Rb7+ Kh6 (60... Kg8
61. Kf6 $18) 61. Kf7 Ng4 (61... Kh7 62. Kf8+ Kh6 (62... Kh8 63. Rg7 $18) 63.
Kg8 $18) 62. Rb6 Ne5+ (62... Kh7 63. Re6 Nh6+ 64. Kf6 Ng4+ 65. Kg5 $18) 63. Kg8
Ng4 64. Re6 1-0

[Event "Syre Memorial op 36th"]
[Site "Issy les Moulineaux"]
[Date "2013.05.12"]
[Round "7"]
[White "Brunner, Nicolas"]
[Black "Hummel, Erik Jan"]
[Result "1/2-1/2"]
[WhiteElo "2412"]
[BlackElo "2307"]
[Annotator "Hummel,EJ/Primel,D"]
[PlyCount "109"]
[EventDate "2013.05.08"]
[EventType "swiss"]
[EventRounds "7"]
[EventCountry "FRA"]
[SourceTitle "EXT 2015"]
[Source "ChessBase"]
[SourceDate "2014.11.20"]
[SourceVersion "1"]
[SourceVersionDate "2014.11.20"]
[SourceQuality "1"]

1. d4 Nf6 2. c4 c5 3. d5 e6 4. Nc3 exd5 5. cxd5 d6 6. e4 g6 7. f4 {Une ligne
agressive pour jouer pour le gain dans cette dernière ronde et obtenir un prix
} Bg7 8. Bb5+ (8. e5 $5) 8... Nfd7 9. Bd3 (9. a4 Qh4+ (9... O-O 10. Nf3 Na6 (
10... Re8 11. O-O a6 12. Bd3 Nf6) 11. O-O Nc7 (11... Nb4 12. Be3 a6 13. Bc4 Rb8
{Zaitsev,A-Gufeld,E Maroczy Memorial 1970 (13) 1-0} (13... Nb6 14. Be2 Bg4))))
(9. Nf3 {[%csl Gh4]} O-O 10. O-O (10. a4 Na6 (10... a6 11. Bd3 $14)) 10... a6
11. Bd3 b5) 9... O-O (9... Qh4+ 10. g3 Qe7 11. Nf3 $14) 10. Nf3 Na6 (10... a6
11. a4 $14) (10... Nf6 11. O-O a6 12. a4 Bg4 13. h3 Bxf3 14. Qxf3 Nbd7 15. Bd2
Re8 {Williams,A (2405)-Mecking,H (2615) Nice ol (Men) qual-A 1974 (5) 1/2}) 11.
O-O Re8 (11... Nc7) (11... Rb8 12. Be3 (12. Nd2 b5 13. Nxb5 c4 14. Nxc4 Rxb5
15. Nxd6 Rb4 $13 {Thorbergsson,F-Tringov,G Reykjavik 1974 0-1})) 12. Re1 (12.
Nd2 $5 {[%cal Gd2e4,Gd2c4]} Nc7 (12... Nf6 13. Qf3 Ng4 14. Ne2 f5 $132 {
Van Tilbury,C-Shamkovich,L USA 1978 0-1}) 13. Nc4 $14 {[%csl Rd6];Tal,
M-Contedini,E Leipzig ol (Men) qual-B 1960 (6) 1-0}) (12. Qe1) 12... Nb6 {
[%cal Gc5c4,Ga6c5,Gb6d5]} 13. h3 (13. Be3 c4) 13... c4 14. Bb1 (14. Bf1 {
Plus naturel mais le MI veut surprotéger le P"e4"} Nc5 15. e5 (15. Kh2 {
[%cal Gc1e3]} Bd7 16. e5 a6 (16... Bf5 17. g4) 17. Be3 $36 {[%cal Ge5d6,Ge3c5]}
) 15... Bf5 $132) 14... Nd7 $146 (14... Nc5 {[%cal Gc5d3,Gc5e4]} 15. Bc2 Bxc3
16. bxc3 f5 17. e5 dxe5 18. Rxe5 Rxe5 19. Nxe5 Qxd5 20. Be3 Ncd7 21. Nf3 Nf6
22. Bd4 Nh5 23. Qd2 Qd6 24. Re1 Be6 25. Qe3 Bd7 26. Be5 Qe7 27. Qf2 Re8 28. Bd4
Qd8 29. Ne5 Nd5 30. g3 Qc7 31. Bd1 Nhf6 32. Bf3 b5 33. Kh2 a5 34. a3 Rd8 35.
Nxd7 Qxd7 36. Be5 Kf7 37. Bg2 Ne4 38. Bxe4 fxe4 39. Rxe4 Ne7 40. Rd4 Qc8 41. g4
Rxd4 {1/2-1/2 (41) Andriuschenko,N (2491)-Degterev,P (2545) ICCF email 2008})
15. Be3 Nac5 16. Bc2 a6 (16... Bxc3 $6 17. bxc3 Nxe4 18. Bd4 {[%csl Rg8]} Ndc5
19. Nd2 $44) 17. Bd4 Bh6 $6 {[%csl Rg8] Risqué car le K Noir est trés exposé
} 18. f5 Bf4 19. Rf1 Qc7 (19... b5 20. Nh2 Be5 21. Ng4 Bxd4+ 22. Qxd4 Ne5 23.
Nxe5 Rxe5 24. Rae1 $32 {[%csl Ra8,Rc8]}) 20. Nd2 Bh6 21. Nxc4 b5 22. Ne3 (22.
fxg6 $5 hxg6 23. Qf3 {[%csl Rf7]} Rf8 24. Ne3) 22... b4 $6 23. Ng4 $40 {
Gagnant un nouveau tempo sur le B} Bg7 24. Bxg7 Kxg7 25. Qd4+ $2 (25. Qd2 $8
$18 {[%cal Gd2h6] Hummel}) (25. Qf3 $6 Ne5 {[%cal Gc7f7]}) 25... Ne5 26. Nd1
Qa7 $1 {[%cal Ga7g1]} 27. Ndf2 Ncd7 $1 {[%cal Gd7e5,Ga7d4]} 28. Qxb4 Nxg4 29.
hxg4 Ne5 {[%csl Ge5] Sans B de cases Noires, il sera difficile pour les Blancs
de déloger ce fort Ne5 et les Noirs peuvent peut-être sauver la nulle
malgré les faiblesses de l'aile-roi} 30. Ba4 (30. Qxd6 $18 {Hummel}) 30... Rd8
31. Qc3 {[%cal Gc3g7]} a5 {[%cal Gc8a6]} 32. Bb5 Rb8 (32... Ba6 $6 33. Bxa6
Qxa6 34. f6+ $1 Kxf6 35. Nd3+) (32... Kg8 $5 {[%cal Ge5g4]}) 33. a4 Bd7 34.
Bxd7 Rxd7 35. g5 (35. Kh2 Rc7) 35... Rc7 36. Qh3 (36. f6+ Kg8 37. Qh3 h5 $13)
36... h5 $1 37. gxh6+ Kh7 38. fxg6+ fxg6 39. Kh2 Rxb2 {[%csl Gb2]} 40. Ng4
Nxg4+ 41. Qxg4 Rcc2 $132 {[%csl Gb2,Gc2,Rh2] L'attaque Blanche a échoué et
ils doivent maintenant lutter pour la nulle} 42. Rg1 Qe3 43. Qd7+ Kxh6 44. Raf1
Qxe4 45. Qh3+ Kg7 46. Qd7+ Kh6 47. Qh3+ Kg7 48. Rf3 Qe5+ 49. Rg3 Rf2 50. Qg4
Rf6 51. Rf1 Rb7 $4 52. Rxf6 Qxf6 53. Re3 Rb4 54. Qd7+ Kh6 55. Rh3+ 1/2-1/2